Suomen kunnat, jotka päättyvät kirjaimeen U - Statistics

Yleistilastot
  • Tätä visaa on pelattu 142 kertaa
  • Keskiarvotulos 6 / 8
Vastaustilastot
Maakunta Kunta % Oikein
Varsinais-Suomi Turku
93%
Pohjois-Pohjanmaa Oulu
89%
Pohjois-Karjala Joensuu
83%
Keski-Suomi Keuruu
81%
Varsinais-Suomi Masku
73%
Pohjois-Karjala Outokumpu
73%
Satakunta Pomarkku
67%
Etelä-Savo Mäntyharju
60%
Ehtoja vastaavia visoja ei löytynyt
Tulosjakauma
Jokaisen tuloksen saaneiden osuus
Persentiili vastausten määrän mukaan
Tuloshistoriasi
Et ole pelannut tätä visaa